000 00287nam a2200145Ia 4500
100 _aShanley
942 _cBK
654 _aMechanics
245 _aMechanics Of Materials
260 _bMcGraw Hill
_c2001
082 _a621.1
_bSHA
300 _a455
546 _aENGLISH
999 _c23107
_d23107